000 01368nam a2200277Ia 4500
003 Ost
005 20260416102353.0
008 260416s9999||||xx |||||||||||||| ||und||
040 _cfsecg
041 _aara
082 _a339
100 _aموساوي، آسية
_eمؤلف
245 0 _aدروس في الإقتصاد الكلي 1 /
_c آسية موساوي
260 _aالجزائر
_bجامعة الجزائر3: كلية العلوم الإقتصادية، العلوم التجارية وعلوم التسيير
_c2018
300 _a80 ورقة
_bايضاحات
_c30 سم
504 _aمراجع ص.76
520 _aمدخل للاقتصاد الكلي، طرق قياس النشاط الاقتصادي (المحاسبة الوطنية)، التوازن الكلي عند الكلاسيك، النموذج الكنزي البسيط، التوازن في السوق السلعي والنقدي ( نموذج IS-LM )
653 _aالاقتصاد الكلي
653 _aالتخطيط الاقتصادي
653 _aالتوازن الاقتصادي
653 _aالدخل
653 _aالسياسة المالية
653 _aالعرض و الطلب
710 _aجامعة الجزائر3: كلية العلوم الإقتصادية، العلوم التجارية وعلوم التسيير
_eناشر علمي
942 _cHANDOUT
999 _c41100
_d41100